[Event "Verbandsliga Nord Baden 1112"]
[Site "Germany"]
[Date "2011.12.11"]
[Round "4.3"]
[White "Marek, Mariusz"]
[Black "Belica, Matej"]
[Result "0-1"]
[WhiteElo "2151"]
[BlackElo "2108"]
[PlyCount "74"]
[EventDate "2011.10.09"]
[EventType "team-tourn"]
[EventRounds "9"]
[EventCountry "GER"]
[SourceTitle "EXT 2013"]
[Source "ChessBase"]
[SourceDate "2012.11.22"]
[SourceVersion "1"]
[SourceVersionDate "2012.11.22"]
[SourceQuality "1"]
[WhiteTeam "Slavija KA"]
[BlackTeam "Lindenhof"]
[WhiteTeamCountry "GER"]
[BlackTeamCountry "GER"]

1. e4 e5 2. Nf3 Nc6 3. Bc4 Nf6 4. d3 Bc5 5. 0-0 a6 6. c3 Ba7 7. Be3 0-0 8. b4 d5 9. exd5 Nxd5 10. Bxa7 Rxa7 11. Qc1 Bg4 12. Bxd5 Qxd5 13. Qe3 Bxf3 14. gxf3 Rd8 15. Rd1 Raa8 16. Kf1 Qe6 17. Ke2 Ne7 18. Kd2 Nd5 19. Qg5 h6 20. Qg4 Qb6 21. Qg1 Nf4 22. Kc2 a5 23. Qe1 axb4 24. cxb4 Qd4 25. Qc3 Qxf2+ 26. Rd2 Qxf3 27. a4 Rd6 28. b5 Rad8 29. Qxc7 Nxd3 30. Nc3 Nb4+ 31. Kb3 Rxd2 32. Kxb4 Qf4+ 33. Ka5 Ra8+ 34. Kb6 Qd4+ 35. Qc5 Qd8+ 36. Qc7 Rd6+ 37. Kxb7 Ra7+ 0-1

[Event "Oberliga Baden 0910"]
[Site "Germany"]
[Date "2010.03.21"]
[Round "8.3"]
[White "Scherer, Helmut"]
[Black "Marek, Mariusz"]
[Result "1-0"]
[WhiteElo "2306"]
[BlackElo "2133"]
[PlyCount "55"]
[EventDate "2009.10.18"]
[EventType "team-tourn"]
[EventRounds "9"]
[EventCountry "GER"]
[SourceTitle "EXT 2011"]
[Source "ChessBase"]
[SourceDate "2010.11.26"]
[SourceVersion "1"]
[SourceVersionDate "2010.11.26"]
[SourceQuality "1"]
[WhiteTeam "Zaehringen"]
[BlackTeam "Slavija KA"]
[WhiteTeamCountry "GER"]
[BlackTeamCountry "GER"]

1. e4 c5 2. Nf3 g6 3. c3 Bg7 4. d4 cxd4 5. cxd4 d5 6. e5 Nc6 7. h3 Nh6 8. Bb5 0-0 9. Bxc6 bxc6 10. 0-0 f6 11. Re1 Nf7 12. Nc3 fxe5 13. dxe5 Qc7 14. Qd4 Nd8 15. Qh4 Rf5 16. Bg5 Nf7 17. Bxe7 Rh5 18. Qb4 Nxe5 19. Nxe5 Bxe5 20. Rac1 Be6 21. Rc2 Re8 22. Bc5 Bxh3 23. gxh3 Rxh3 24. Qg4 Rh5 25. Rce2 Kf7 26. f4 Bxf4 27. Re7+ Rxe7 28. Rxe7+ 1-0

[Event "Oberliga Baden 0910"]
[Site "Germany"]
[Date "2009.11.15"]
[Round "2.4"]
[White "Marek, Mariusz"]
[Black "Adler, Joel Arturo Manuel"]
[Result "0-1"]
[WhiteElo "2133"]
[BlackElo "2287"]
[PlyCount "72"]
[EventDate "2009.10.18"]
[EventType "team-tourn"]
[EventRounds "9"]
[EventCountry "GER"]
[SourceTitle "EXT 2011"]
[Source "ChessBase"]
[SourceDate "2010.11.26"]
[SourceVersion "1"]
[SourceVersionDate "2010.11.26"]
[SourceQuality "1"]
[WhiteTeam "Slavija KA"]
[BlackTeam "Kirchheim"]
[WhiteTeamCountry "GER"]
[BlackTeamCountry "GER"]

1. e4 c5 2. Nf3 Nc6 3. d4 cxd4 4. Nxd4 Qc7 5. Nc3 e6 6. Be2 a6 7. 0-0 Nf6 8. Kh1 Bb4 9. Nxc6 bxc6 10. Bd3 d5 11. Qe2 0-0 12. Bd2 c5 13. b3 Bb7 14. e5 Nd7 15. Rae1 Qc6 16. f4 Rae8 17. Qh5 f5 18. exf6 Nxf6 19. Qh3 c4 20. bxc4 dxc4 21. Be2 Qc7 22. Rb1 Ba5 23. Rg1 Bxc3 24. Bxc3 Ne4 25. Bd4 Rxf4 26. Rgf1 Bd5 27. Qh5 Ref8 28. Be5 Rxf1+ 29. Bxf1 Nf2+ 30. Kg1 Qc5 31. h3 Ng4+ 32. Kh1 Nxe5 33. Be2 Ng6 34. Bg4 Rf2 35. Rg1 Nf4 36. Bf3 Nxh3 0-1

[Event "Verbandsliga Nord Baden 0809"]
[Site "Germany"]
[Date "2009.04.05"]
[Round "9.2"]
[White "Marek, Mariusz"]
[Black "Mueller, Rudolf"]
[Result "1-0"]
[WhiteElo "2133"]
[BlackElo "2232"]
[PlyCount "45"]
[EventDate "2008.09.28"]
[EventType "team"]
[EventRounds "9"]
[EventCountry "GER"]
[SourceTitle "EXT 2010"]
[Source "ChessBase"]
[SourceDate "2010.11.25"]
[SourceVersion "1"]
[SourceVersionDate "2010.11.25"]
[SourceQuality "1"]
[WhiteTeam "Slavija KA"]
[BlackTeam "Karlsruhe II"]
[WhiteTeamCountry "GER"]
[BlackTeamCountry "GER"]

1. e4 e5 2. Nf3 Nc6 3. Bb5 a6 4. Ba4 Nf6 5. 0-0 b5 6. Bb3 Bc5 7. d3 Bb7 8. Nc3 Qe7 9. Bg5 Na5 10. Nh4 Nxb3 11. axb3 Qe6 12. Qf3 b4 13. Nf5 Kf8 14. Ne2 h6 15. Be3 Bxe3 16. Qxe3 d6 17. f4 exf4 18. Rxf4 Re8 19. Raf1 c5 20. Nxg7 Kxg7 21. Qg3+ Ng4 22. Rxg4+ Kf8 23. Nf4 1-0

[Event "Verbandsliga Nord Baden 0809"]
[Site "Germany"]
[Date "2009.03.22"]
[Round "8.2"]
[White "Haas, Michael"]
[Black "Marek, Mariusz"]
[Result "0-1"]
[WhiteElo "2185"]
[BlackElo "2133"]
[PlyCount "96"]
[EventDate "2008.09.28"]
[EventType "team"]
[EventRounds "9"]
[EventCountry "GER"]
[SourceTitle "EXT 2010"]
[Source "ChessBase"]
[SourceDate "2010.11.25"]
[SourceVersion "1"]
[SourceVersionDate "2010.11.25"]
[SourceQuality "1"]
[WhiteTeam "Walldorf"]
[BlackTeam "Slavija KA"]
[WhiteTeamCountry "GER"]
[BlackTeamCountry "GER"]

1. e4 c5 2. d4 cxd4 3. c3 dxc3 4. Nxc3 Nc6 5. Nf3 d6 6. Bc4 a6 7. 0-0 Nf6 8. Qe2 Bg4 9. Rd1 e6 10. h3 Bxf3 11. Qxf3 Ne5 12. Qe2 Be7 13. Bb3 Nfd7 14. Be3 g5 15. g3 Rg8 16. Kg2 Nf6 17. Bd4 Qa5 18. f3 Nc6 19. Bf2 h5 20. Rac1 Nd7 21. a3 Qe5 22. Rc2 Rc8 23. Nb1 Nc5 24. Ba2 g4 25. hxg4 hxg4 26. Nd2 gxf3+ 27. Qxf3 b5 28. b4 Nb7 29. Rdc1 Nbd8 30. Nb3 Rc7 31. Bb6 Bh4 32. g4 Rd7 33. Rh1 Qf6 34. Bxd8 Nxd8 35. Qxf6 Bxf6 36. Kf3 Ke7 37. Na5 Be5 38. Bb3 Rg6 39. Nc6+ Nxc6 40. Rxc6 Ra7 41. Rc2 a5 42. bxa5 Rxa5 43. Ra2 Bd4 44. Rf1 Ra8 45. Bc2 Rh6 46. Ke2 Rc8 47. Kd1 Rh2 48. Rf3 Rg2 0-1

[Event "Verbandsliga Nord Baden 0809"]
[Site "Germany"]
[Date "2008.09.28"]
[Round "1.2"]
[White "Marek, Mariusz"]
[Black "Neunhoeffer, Helmut"]
[Result "1-0"]
[WhiteElo "2133"]
[BlackElo "2281"]
[PlyCount "117"]
[EventDate "2008.09.28"]
[EventType "team"]
[EventRounds "9"]
[EventCountry "GER"]
[SourceTitle "EXT 2010"]
[Source "ChessBase"]
[SourceDate "2010.11.25"]
[SourceVersion "1"]
[SourceVersionDate "2010.11.25"]
[SourceQuality "1"]
[WhiteTeam "Slavija KA"]
[BlackTeam "Heidelberg II"]
[WhiteTeamCountry "GER"]
[BlackTeamCountry "GER"]

1. e4 e5 2. Nf3 Nc6 3. Bb5 a6 4. Ba4 Nf6 5. 0-0 Nxe4 6. d4 b5 7. Bb3 d5 8. dxe5 Be6 9. c3 Bc5 10. Nbd2 0-0 11. Bc2 Nxf2 12. Rxf2 f6 13. exf6 Bxf2+ 14. Kxf2 Qxf6 15. Nf1 Ne5 16. Be3 Nxf3 17. gxf3 c6 18. Nd2 Qh4+ 19. Kg1 b4 20. Qe1 Qf6 21. Bd4 Qg5+ 22. Qg3 Qxg3+ 23. hxg3 bxc3 24. bxc3 Rab8 25. Bb3 g6 26. Kf2 Rfc8 27. Re1 Kf7 28. c4 Rd8 29. c5 Rb4 30. Bc3 Rb5 31. a4 Rb7 32. f4 Bg4 33. Bc2 Re8 34. Be5 Rb4 35. Ra1 h5 36. Bd3 a5 37. Bc3 Rb7 38. Bxa5 Rbe7 39. Nf1 Be2 40. Bxe2 Rxe2+ 41. Kf3 Rc2 42. Ne3 Rb2 43. Bc3 Rb3 44. Be5 Ra8 45. a5 Ra6 46. Bd4 Rb5 47. Nc2 Ke7 48. Bc3 Kd7 49. Bb4 Rb8 50. Re1 Ra7 51. g4 Rab7 52. gxh5 gxh5 53. f5 d4 54. a6 Ra7 55. f6 Re8 56. Nxd4 Rxa6 57. Rg1 Rf8 58. Rg7+ Ke8 59. Re7+ 1-0

[Event "Verbandsliga Nord Baden 0708"]
[Site "Germany"]
[Date "2007.12.16"]
[Round "4.6"]
[White "Marek, Mariusz"]
[Black "Bayer, Wolfgang"]
[Result "1-0"]
[WhiteElo "2133"]
[BlackElo "2041"]
[PlyCount "81"]
[EventDate "2007.10.14"]
[EventType "team"]
[EventRounds "9"]
[EventCountry "GER"]
[SourceTitle "EXT 2009"]
[Source "ChessBase"]
[SourceDate "2008.11.26"]
[SourceVersion "1"]
[SourceVersionDate "2008.11.26"]
[SourceQuality "1"]
[WhiteTeam "Slavija KA"]
[BlackTeam "Lindenhof"]
[WhiteTeamCountry "GER"]
[BlackTeamCountry "GER"]

1. e4 c5 2. Nc3 g6 3. f4 Bg7 4. Nf3 e6 5. e5 d5 6. Nb5 Bf8 7. d4 a6 8. Nc3 Nc6 9. Be3 b6 10. a4 Nh6 11. Bd3 Nb4 12. Be2 Nf5 13. Bf2 h5 14. a5 cxd4 15. Nxd4 Nxd4 16. Bxd4 bxa5 17. Na4 Nc6 18. Bb6 Qh4+ 19. g3 Qh3 20. Bf3 Bh6 21. Bc5 g5 22. c4 g4 23. Be2 Qg2 24. Rg1 Qxh2 25. cxd5 Nb4 26. Nb6 Bb7 27. Qa4+ Bc6 28. dxc6 Qxg1+ 29. Bxg1 0-0 30. Nxa8 Rxa8 31. Qxa5 Nc2+ 32. Kd2 Nxa1 33. Qxa1 h4 34. gxh4 Bxf4+ 35. Be3 Rd8+ 36. Bd3 Bxe5 37. Qxa6 g3 38. Qc4 Rc8 39. Qe4 Bg7 40. Qh7+ Kf8 41. Bc5+ 1-0

[Event "Verbandsliga Nord Baden 0708"]
[Site "Germany"]
[Date "2007.11.18"]
[Round "3.3"]
[White "Marek, Mariusz"]
[Black "Bloessl, Walter"]
[Result "1-0"]
[WhiteElo "2133"]
[BlackElo "2208"]
[PlyCount "117"]
[EventDate "2007.10.14"]
[EventType "team"]
[EventRounds "9"]
[EventCountry "GER"]
[SourceTitle "EXT 2009"]
[Source "ChessBase"]
[SourceDate "2008.11.26"]
[SourceVersion "1"]
[SourceVersionDate "2008.11.26"]
[SourceQuality "1"]
[WhiteTeam "Slavija KA"]
[BlackTeam "Ladenburg"]
[WhiteTeamCountry "GER"]
[BlackTeamCountry "GER"]

1. e4 c5 2. Nc3 g6 3. f4 Bg7 4. Nf3 Nc6 5. Bb5 Nd4 6. a4 a6 7. Bc4 d6 8. 0-0 e6 9. Nxd4 cxd4 10. Ne2 Ne7 11. Qe1 d5 12. exd5 exd5 13. Bd3 0-0 14. Qf2 Qb6 15. a5 Qa7 16. b3 Bf5 17. Bb2 Bxd3 18. cxd3 Nc6 19. f5 Rfe8 20. Ra4 b5 21. axb6 Qxb6 22. Nxd4 Nxd4 23. Bxd4 Bxd4 24. Qxd4 Rab8 25. fxg6 hxg6 26. Qxb6 Rxb6 27. Rb1 Re2 28. Ra2 Rf6 29. Rf1 Rb6 30. Rb2 Kg7 31. Rc2 f5 32. Rb1 Kf6 33. Kf1 Re8 34. Rc5 Rd6 35. Ra1 Rb8 36. Ra3 g5 37. Rca5 Rbb6 38. d4 g4 39. Ke2 Kg5 40. h3 gxh3 41. gxh3 Kf4 42. R5a4 Rg6 43. b4 Rg2+ 44. Kd1 Rg3 45. Rxg3 Kxg3 46. Ra3+ Kf2 47. Re3 f4 48. Re5 Rd6 49. h4 f3 50. h5 Kf1 51. Rg5 f2 52. d3 Rf6 53. Kd2 Rf3 54. h6 Rh3 55. Rg6 Rh4 56. Rxa6 Rxd4 57. h7 Rh4 58. Ra7 Kg2 59. Rg7+ 1-0

[Event "Verbandsliga Nord Baden 0607"]
[Site "Germany"]
[Date "2007.04.29"]
[Round "9.4"]
[White "Marek, Mariusz"]
[Black "Kuci, Blerim"]
[Result "0-1"]
[WhiteElo "2133"]
[BlackElo "2180"]
[PlyCount "140"]
[EventDate "2006.10.22"]
[EventType "team"]
[EventRounds "9"]
[EventCountry "GER"]
[SourceTitle "EXT 2008"]
[Source "ChessBase"]
[SourceDate "2007.11.25"]
[SourceVersion "1"]
[SourceVersionDate "2007.11.25"]
[SourceQuality "1"]
[WhiteTeam "Slavija KA"]
[BlackTeam "Hockenheim"]
[WhiteTeamCountry "GER"]
[BlackTeamCountry "GER"]

1. e4 d5 2. exd5 Qxd5 3. Nc3 Qa5 4. Nf3 Nf6 5. Bc4 Bg4 6. h3 Bh5 7. Qe2 Nc6 8. g4 Bg6 9. d3 e6 10. Bd2 Bb4 11. a3 0-0-0 12. 0-0 Bxc3 13. Bxc3 Qb6 14. a4 Nd5 15. Bxg7 Rhg8 16. Bxd5 Rxd5 17. Bf6 h5 18. g5 Rf5 19. Kh2 Qb4 20. Bc3 Qf4+ 21. Kg2 Rxg5+ 22. Nxg5 Qxg5+ 23. Kh1 Bxd3 24. Qf3 Bxf1 25. Rxf1 Qg6 26. Rc1 Ne7 27. Be5 Nf5 28. Re1 Nh4 29. Qg3 Qxg3 30. Bxg3 Nf5 31. Kh2 Kd7 32. Rd1+ Ke7 33. Bxc7 Rc8 34. Ba5 Rxc2 35. Bd8+ Ke8 36. Bf6 Ne7 37. Kg3 Rc4 38. b3 Rb4 39. Rd3 Nd5 40. Bd4 a6 41. h4 Ne7 42. Bf6 Rg4+ 43. Kf3 Nd5 44. Be5 Rxh4 45. Bg3 Rg4 46. Rd1 Rb4 47. Rd3 f6 48. Bd6 Rb6 49. Ba3 Rc6 50. Bb2 Kf7 51. Kg3 Rc2 52. Bd4 Re2 53. Rd1 Re4 54. f3 h4+ 55. Kf2 Rf4 56. Bc5 Rf5 57. b4 b6 58. Bd6 Nc3 59. Rd4 Rd5 60. Rxd5 Nxd5 61. Kg2 Kg6 62. b5 axb5 63. axb5 e5 64. Kh3 Kg5 65. Kg2 Kf4 66. Ba3 Ke3 67. Bc1+ Ke2 68. Bh6 Nf4+ 69. Kh2 Kxf3 70. Bg7 Nd5 0-1

[Event "NATO-ch 15th"]
[Site "The Hague"]
[Date "2004.08.14"]
[Round "7"]
[White "Kraft, Matthias"]
[Black "Marek, Mariusz"]
[Result "1-0"]
[WhiteElo "2100"]
[BlackElo "2155"]
[PlyCount "99"]
[EventDate "2004.08.08"]
[EventType "swiss"]
[EventRounds "7"]
[EventCountry "NED"]
[SourceTitle "CBM 101 Extra"]
[Source "ChessBase"]
[SourceDate "2004.09.01"]
[SourceVersion "2"]
[SourceVersionDate "2004.09.01"]
[SourceQuality "1"]

1. Nf3 c5 2. g3 g6 3. Bg2 Bg7 4. 0-0 Nc6 5. c4 e5 6. Nc3 Nge7 7. Rb1 d6 8. a3 a5 9. d3 0-0 10. Bg5 f6 11. Bd2 Be6 12. e4 Qd7 13. Nd5 Nc8 14. b4 axb4 15. axb4 b6 16. bxc5 bxc5 17. Rb3 Bg4 18. Bc3 f5 19. Qb1 fxe4 20. Ng5 Qf5 21. Nxe4 Bf3 22. Ne3 Qh5 23. Rb7 Bxg2 24. Kxg2 Qf3+ 25. Kg1 Nd8 26. Rd7 Qh5 27. Nxd6 Qh3 28. Nxc8 Rxc8 29. Re7 Nc6 30. Nd5 Rf3 31. Qb7 Bf8 32. Rd7 Rd8 33. Rxd8 Nxd8 34. Ne7+ Bxe7 35. Qxf3 Nf7 36. Ra1 Qd7 37. Ra8+ Kg7 38. Qe4 Bf6 39. f4 Qe6 40. fxe5 Bg5 41. Qd5 Qg4 42. e6+ Kh6 43. Ra1 Be3+ 44. Kh1 Nd6 45. Bg7+ Kxg7 46. Qe5+ Kh6 47. Qxe3+ g5 48. e7 Qd7 49. Kg1 Ne8 50. Ra6+ 1-0

[Event "NATO-ch 15th"]
[Site "The Hague"]
[Date "2004.08.13"]
[Round "6"]
[White "Marek, Mariusz"]
[Black "Cooper, Lawrence"]
[Result "1/2-1/2"]
[WhiteElo "2155"]
[BlackElo "2315"]
[PlyCount "37"]
[EventDate "2004.08.08"]
[EventType "swiss"]
[EventRounds "7"]
[EventCountry "NED"]
[SourceTitle "CBM 101 Extra"]
[Source "ChessBase"]
[SourceDate "2004.09.01"]
[SourceVersion "2"]
[SourceVersionDate "2004.09.01"]
[SourceQuality "1"]

1. e4 e5 2. Nc3 Nf6 3. f4 d5 4. fxe5 Nxe4 5. Nf3 Nc6 6. Qe2 Nxc3 7. dxc3 d4 8. Bg5 Be7 9. Bxe7 Qxe7 10. cxd4 Bg4 11. 0-0-0 0-0-0 12. c3 f6 13. exf6 Qxf6 14. h3 Rhe8 15. Qf2 Bxf3 16. gxf3 Qf4+ 17. Kb1 Re3 18. Bg2 Ne7 19. Rhg1 1/2-1/2

[Event "NATO-ch 15th"]
[Site "The Hague"]
[Date "2004.08.09"]
[Round "2"]
[White "Drabke, Lorenz Maximilian"]
[Black "Marek, Mariusz"]
[Result "1-0"]
[WhiteElo "2428"]
[BlackElo "2155"]
[PlyCount "63"]
[EventDate "2004.08.08"]
[EventType "swiss"]
[EventRounds "7"]
[EventCountry "NED"]
[SourceTitle "CBM 101 Extra"]
[Source "ChessBase"]
[SourceDate "2004.09.01"]
[SourceVersion "2"]
[SourceVersionDate "2004.09.01"]
[SourceQuality "1"]

1. e4 c5 2. Nc3 Nc6 3. Bb5 Na5 4. d4 a6 5. Be2 cxd4 6. Qxd4 e6 7. Bf4 Ne7 8. Bg3 Nec6 9. Qd2 Be7 10. Nf3 b5 11. 0-0 0-0 12. Rfd1 Qb6 13. a3 Ra7 14. Bd6 Bxd6 15. Qxd6 Nb7 16. Qd2 d6 17. b4 Ne7 18. a4 bxa4 19. Nxa4 Qc7 20. Qd4 Nc6 21. Qb6 Qxb6 22. Nxb6 Nxb4 23. Rdb1 Nc6 24. Bxa6 Rxa6 25. Rxa6 Nc5 26. Ra8 Ba6 27. Nd2 Nd8 28. Nd7 Nxd7 29. Rxa6 d5 30. Rd6 Ne5 31. Rb8 Nec6 32. Rc8 1-0